[Event "Mittelrhein-chT 1112"]
[Site "Germany"]
[Date "2012.05.20"]
[Round "13.7"]
[White "Lotzien, Hans"]
[Black "Steinwachs, Christian"]
[Result "1-0"]
[WhiteElo "2006"]
[BlackElo "1980"]
[PlyCount "55"]
[EventDate "2011.09.11"]
[EventType "team-tourn"]
[EventRounds "13"]
[EventCountry "GER"]
[SourceTitle "EXT 2013"]
[Source "ChessBase"]
[SourceDate "2012.11.22"]
[SourceVersion "1"]
[SourceVersionDate "2012.11.22"]
[SourceQuality "1"]
[WhiteTeam "Godesberg II"]
[BlackTeam "Gruenfeld"]
[WhiteTeamCountry "GER"]
[BlackTeamCountry "GER"]

1. e4 e6 2. Qe2 Be7 3. f4 d5 4. d3 c5 5. Nf3 Nc6 6. g3 b6 7. Bg2 Bb7 8. 0-0 Nf6 9. Nbd2 Qc7 10. e5 Nd7 11. c3 g5 12. fxg5 Ndxe5 13. d4 Ng6 14. Nb3 a5 15. Rf2 a4 16. Nbd2 Ba6 17. Qd1 0-0 18. Nf1 cxd4 19. Nxd4 Nxd4 20. cxd4 e5 21. Ne3 Bb7 22. Nf5 e4 23. Be3 Bd6 24. Rc1 Qd8 25. Qh5 Kh8 26. Qh6 Rg8 27. Nxd6 Qxd6 28. Rxf7 1-0

[Event "Mittelrhein-chT 1112"]
[Site "Germany"]
[Date "2011.11.13"]
[Round "4.5"]
[White "Schneider, Gerd"]
[Black "Steinwachs, Christian"]
[Result "0-1"]
[WhiteElo "2034"]
[BlackElo "1980"]
[PlyCount "110"]
[EventDate "2011.09.11"]
[EventType "team-tourn"]
[EventRounds "13"]
[EventCountry "GER"]
[SourceTitle "EXT 2013"]
[Source "ChessBase"]
[SourceDate "2012.11.22"]
[SourceVersion "1"]
[SourceVersionDate "2012.11.22"]
[SourceQuality "1"]
[WhiteTeam "Niederkassel"]
[BlackTeam "Gruenfeld"]
[WhiteTeamCountry "GER"]
[BlackTeamCountry "GER"]

1. d4 d5 2. c4 c6 3. Nc3 Nf6 4. Nf3 a6 5. a4 e6 6. Qc2 c5 7. cxd5 exd5 8. Bg5 Be7 9. e3 Nc6 10. dxc5 Qa5 11. Be2 Qxc5 12. Qd2 Be6 13. Nd4 Nxd4 14. exd4 Qa5 15. Bf3 0-0 16. 0-0 Rfd8 17. Rfe1 Rac8 18. h3 h6 19. Bxh6 gxh6 20. Qxh6 Rd6 21. Re5 Nh7 22. Rae1 Bf8 23. Qh4 Qd8 24. Qg3+ Kh8 25. Bg4 Qf6 26. Nxd5 Rxd5 27. Rxd5 Bb4 28. Bxe6 fxe6 29. Rde5 Bxe1 30. Rxe1 Rc2 31. b4 Nf8 32. Re5 Ng6 33. Rh5+ Kg7 34. Qe3 Qf4 35. g3 Qxe3 36. fxe3 Re2 37. Rc5 Rxe3 38. Kf2 Rd3 39. Rc7+ Kf6 40. Rxb7 Rxd4 41. Rb6 Ne5 42. Ke3 Rd3+ 43. Ke4 Rxg3 44. Rxa6 Rxh3 45. b5 Nd7 46. Kd4 Rh4+ 47. Kc3 Nc5 48. Rc6 Nxa4+ 49. Kb3 Ke5 50. b6 Kd5 51. b7 Rh8 52. Rc8 Nc5+ 53. Kb4 Rh4+ 54. Kb5 Nxb7 55. Rc7 Nd6+ 0-1

[Event "Mittelrhein-chT 1112"]
[Site "Germany"]
[Date "2011.10.02"]
[Round "2.8"]
[White "Steinwachs, Christian"]
[Black "Fischer, Oliver"]
[Result "1-0"]
[WhiteElo "1980"]
[BlackElo "2107"]
[PlyCount "63"]
[EventDate "2011.09.11"]
[EventType "team-tourn"]
[EventRounds "13"]
[EventCountry "GER"]
[SourceTitle "EXT 2013"]
[Source "ChessBase"]
[SourceDate "2012.11.22"]
[SourceVersion "1"]
[SourceVersionDate "2012.11.22"]
[SourceQuality "1"]
[WhiteTeam "Gruenfeld"]
[BlackTeam "Bruehl II"]
[WhiteTeamCountry "GER"]
[BlackTeamCountry "GER"]

1. e4 e5 2. Nf3 Nf6 3. Nxe5 d6 4. Nf3 Nxe4 5. Nc3 Nxc3 6. dxc3 Be7 7. Be3 Nc6 8. Qd2 Be6 9. 0-0-0 Bxa2 10. b3 a5 11. Kb2 a4 12. Kxa2 axb3+ 13. Kxb3 Ra5 14. Nd4 Qa8 15. Nb5 0-0 16. Qc1 Ra2 17. Na3 Qa5 18. Kxa2 Ra8 19. Qb2 d5 20. Bc1 d4 21. Rxd4 Nxd4 22. cxd4 Bxa3 23. Qxa3 Qd5+ 24. Kb1 Rxa3 25. Bxa3 Qxd4 26. Bd3 Qxf2 27. Be4 c6 28. Rd1 f5 29. Rd8+ Kf7 30. Rf8+ Ke6 31. Bxf5+ Kd5 32. Be4+ 1-0

[Event "Cologne-ch"]
[Site "Cologne"]
[Date "2005.09.20"]
[Round "4.10"]
[White "Steinwachs, Christian"]
[Black "Bien, Stefan"]
[Result "1-0"]
[WhiteElo "2113"]
[BlackElo "2114"]
[PlyCount "81"]
[EventDate "2005.08.29"]
[EventType "swiss"]
[EventRounds "7"]
[EventCountry "GER"]
[SourceTitle "EXT 2006"]
[Source "ChessBase"]
[SourceDate "2005.11.24"]
[SourceVersion "1"]
[SourceVersionDate "2005.11.24"]
[SourceQuality "1"]

1. e4 c6 2. d4 d5 3. f3 Nf6 4. Nc3 e6 5. Be3 Bb4 6. Qd3 b6 7. e5 Ba6 8. Qd2 Bxf1 9. Kxf1 Nfd7 10. Nge2 0-0 11. g3 f6 12. exf6 Qxf6 13. f4 e5 14. Kg2 Bxc3 15. bxc3 exf4 16. Nxf4 g5 17. Nd3 Qf3+ 18. Kg1 h6 19. Re1 Na6 20. Bxg5 Rae8 21. Bf4 Nf6 22. Ne5 Qh5 23. Qe2 Nc7 24. Qxh5 Nxh5 25. Bxh6 Rf6 26. Bg5 Rf5 27. Bd2 Rf6 28. Kg2 c5 29. Rhf1 Ne6 30. dxc5 Nxc5 31. Ng4 Rfe6 32. Rxe6 Rxe6 33. Re1 Rd6 34. Nh6+ Kf8 35. Nf5 Rf6 36. g4 Ne4 37. Bh6+ Kf7 38. c4 Kg6 39. cxd5 Nc5 40. Be3 Ng7 41. Nxg7 1-0

[Event "Cologne-ch"]
[Site "Cologne"]
[Date "2005.08.29"]
[Round "1.6"]
[White "El Moumen, Younes"]
[Black "Steinwachs, Christian"]
[Result "1/2-1/2"]
[WhiteElo "2252"]
[BlackElo "2113"]
[PlyCount "84"]
[EventDate "2005.08.29"]
[EventType "swiss"]
[EventRounds "7"]
[EventCountry "GER"]
[SourceTitle "EXT 2006"]
[Source "ChessBase"]
[SourceDate "2005.11.24"]
[SourceVersion "1"]
[SourceVersionDate "2005.11.24"]
[SourceQuality "1"]

1. e4 e6 2. d4 d5 3. Nc3 Bb4 4. Nge2 dxe4 5. a3 Bxc3+ 6. Nxc3 Nc6 7. Bb5 Nge7 8. Nxe4 Qd5 9. Qd3 e5 10. dxe5 Qxe5 11. 0-0 Bf5 12. f3 0-0 13. c3 Na5 14. Be3 Rad8 15. Bd4 Qd5 16. Rad1 a6 17. Ba4 b5 18. Bc2 Nb3 19. Qe3 Nxd4 20. Rxd4 Qe5 21. Rfd1 Nc6 22. Rxd8 Rxd8 23. Rxd8+ Nxd8 24. f4 Qe6 25. Qd2 Qe7 26. Nf6+ Qxf6 27. Bxf5 g6 28. Bc8 h5 29. Bxa6 Ne6 30. g3 Nc5 31. Bxb5 Qb6 32. Qd8+ Kh7 33. Qe7 Qxb5 34. Qxf7+ Kh6 35. Qf8+ Kh7 36. Qf7+ Kh6 37. Qf8+ Kh7 38. Qf7+ Kh6 39. Qxc7 Ne4 40. Qe5 Qb6+ 41. Qd4 Qxd4+ 42. cxd4 Kg7 1/2-1/2